000 00821 a2200217 4500
003 Nust
005 20170207152512.0
010 _a 99010794
020 _a1580530230 (alk. paper)
040 _cNust
082 0 0 _a621.385
100 1 _aDaly, Edward A.
245 1 0 _aVisual telephony /
_cEdward A. Daly, Kathleen J. Hansell.
260 _aBoston :
_bArtech House,
_cc1999.
300 _axvii, 278 p. :
_bill. ;
_c24 cm.
440 0 _aArtech House telecommunications library
505 _aPART-1 Getting Started With Visual Telephony (Page-1),PART-2 Applications and Typical Installations Page-19), PART-3 Equiment and Environment (Page-67),PART-4 Networking (Page-141),PART-5 Financial Analysis (Page-205),
538 _aAlmirah No.27 Shelf No.2
650 0 _aVideo telephone industry.
700 1 _aHansell, Kathleen Jane.
942 _cREF
999 _c175863
_d175863